• 首页
  • 本馆介绍
  • 公告通知
  • 最新文献
  • 馆藏检索
  • 电子资源
  • 读者导购
  • 参考咨询
  • 我的图书馆
  • 登录
  • 详细信息显示
  • 放入我的书架
  • 预约/预借图书
  • 作者相关作品
  • 分类相关作品
  • 丛书相关作品
  • 出版社相关作品

书目信息

  • 表格格式
  • 工作单格式
  • 卡片格式
题名:
唤醒生涯
    
 
作者: 李萍 著
分册:  
出版信息: 北京   机械工业出版社  2020
页数: 163页
开本: 21cm
丛书名:
单 册:
中图分类: G633.932 , G633.9
科图分类:
主题词: 职业选择--教学研究--中学
电子资源:
ISBN: 978-7-111-65507-7
000 01074nam0 2200241 450
001 2146254930
005 20210104125111.80
010    @a978-7-111-65507-7@dCNY49.80
100    @a20201028d2020 em y0chiy50 ea
101 0  @achi
102    @aCN@b110000
105    @aa z 000yy
200 1  @a唤醒生涯@9huan xing sheng ya@b专著@e生命成长视阈下的生涯教育@f李萍著
210    @a北京@c机械工业出版社@d2020
215    @a163页@c图@d21cm
330    @a本书从生命成长的视阀,提出了“真我”金字塔模型,重点阐述了该模型的本质、步骤、目标及内容,并围绕如何唤醒沉睡真我、觉醒无限生命这一主线,从每个生命当下的现实问题及需求出发,挖掘问题背后的期待与关注,旨在帮助读者寻找生命的意义,发现自己的生命规律,顺应自己的生命之道,实现更幸福的人生。此外,还针对如何在中学实施生涯教育,提出了具体的解决方案。
517 1  @a生命成长视阈下的生涯教育@9sheng ming cheng zhang shi yu xia de sheng ya jiao yu
606 0  @a职业选择@x教学研究@x中学
690    @aG633.932@v5
690    @aG633.9@v4
701  0 @a李萍@9li pin@c(女)@4著
801  2 @aCN@b58marc.cn@c20201115
905    @aMUSE@dG633.9@e1
    
    唤醒生涯:生命成长视阈下的生涯教育/李萍著.-北京:机械工业出版社,2020
    163页:图;21cm
    
    
    ISBN 978-7-111-65507-7:CNY49.80
    本书从生命成长的视阀,提出了“真我”金字塔模型,重点阐述了该模型的本质、步骤、目标及内容,并围绕如何唤醒沉睡真我、觉醒无限生命这一主线,从每个生命当下的现实问题及需求出发,挖掘问题背后的期待与关注,旨在帮助读者寻找生命的意义,发现自己的生命规律,顺应自己的生命之道,实现更幸福的人生。此外,还针对如何在中学实施生涯教育,提出了具体的解决方案。
●
相关链接 在五车中查询图书 在当当中查询图书 在豆瓣中查询图书


正题名:唤醒生涯     索取号:G633.9/1         预约/预借

序号 登录号 条形码 馆藏地/架位号 状态 备注
1 2000878400   2000878400   第二书库/ [索取号:G633.9/1] 在馆    
2 2000878401   2000878401   第二书库/ [索取号:G633.9/1] 在馆    
3 2000878402   2000878402   第二书库/ [索取号:G633.9/1] 在馆    
山东省滨州职业学院图书馆 欢迎您!
大连网信软件有限公司© 版权所有